Guess the country from its first flag - Statistics

General Stats
  • This quiz has been taken 52 times
  • The average score is 9 of 20
Answer Stats
Picture Answer % Correct
Angola
100%
Bangladesh
100%
Cambodia
100%
Canada
100%
China
100%
Denmark, Iceland and Norway
100%
East Timor, Equatorial Guinea, Guinea-Bissau, Kuwait, Mozambique, Portugal and Sao Tome and Principe
100%
Ethiopia
100%
Finland And Sweden
100%
Georgia
100%
India and Pakistan
100%
Ireland
100%
Japan
100%
Liberia
100%
Poland
100%
San Marino
100%
United Kingdom
100%
Australia
88%
Kosovo
88%
Switzerland
88%
Bulgaria
83%
Chad
83%
Estonia
83%
Austria and Slovenia
80%
Central African Republic, Comoros, Gabon, Guinea, Ivory Coast, Mali, Mauritania, Monaco, Niger and Republic of the Congo
80%
Djibouti, Iraq, Israel,Jordan, North Macedonia, South Sudan, Sudan, Syria, Turkey and Yemen
80%
Germany
80%
Nepal
80%
United States
80%
Bhutan
75%
Albania
71%
Belgium
67%
Ghana, Guyana, Netherlands, South Africa and Suriname
67%
Greece
67%
Indonesia, Malaysia and Mauritius
67%
Morocco
67%
Russia
67%
Somalia
67%
Tunisia
67%
North Korea
63%
Slovakia
60%
Sri Lanka
60%
Zimbabwe
60%
France, Senegal and Seychelles
57%
Vietnam
57%
Barbados
50%
Burundi, Cameroon, Marshall Islands, Namibia, Papua New Guinea, Solomon Islands, Tanzania and Togo
50%
Eswatini
50%
Lithuania
50%
Oman
50%
Serbia
50%
Vatican City
50%
Argentina
44%
Czech Republic
43%
Kazakhstan
40%
Latvia
40%
Brazil and Cape Verde
38%
Egypt, Qatar and Singapore
38%
Malta
38%
Afghanistan
33%
Armenia
33%
Bahamas
33%
Brunei
33%
D.R. Congo
33%
Gambia, Jamaica, Lesotho, New Zealand, Sierra Leone and Saint Kitts and Nevis
33%
Iran
33%
Italy
33%
Luxembourg
33%
Mongolia
33%
Saudi Arabia
33%
Thailand
33%
Andorra
29%
Fiji
29%
Hungary
29%
Belize
25%
Bosnia & Herzegovina
25%
Laos
25%
Myanmar
25%
Taiwan
25%
Belarus
20%
Libya
20%
Moldova
20%
Botswana, Kenya, Kiribati, Tuvalu and Uganda
17%
Dominica, Grenada, Haiti, Saint Lucia and Saint Vincent and the Grenadines
17%
Madagascar
17%
United Arab Emirates
17%
Lebanon
14%
Nigeria
14%
Montenegro
13%
Samoa
13%
Tonga
11%
Rwanda
10%
Algeria
0%
Antigua and Barbuda
0%
Azerbaijan
0%
Bahrain
0%
Benin
0%
Bolivia
0%
Burkina Faso
0%
Chile
0%
Croatia
0%
Cyprus
0%
Eritrea
0%
F.S. of Micronesia
0%
Kyrgyzstan, Tajikistan and Turkmenistan
0%
Liechtenstein
0%
Malawi
0%
Maldives
0%
Nauru
0%
Palau
0%
Romania
0%
South Korea
0%
Ukraine
0%
Uzbekistan
0%
Vanuatu
0%
Zambia
0%
No matching quizzes found
Score Distribution
Percent of People with Each Score
Percentile by Number Answered
Your Score History
You have not taken this quiz